00528nam a2200169Ia 4500003000900000008004100009020002200050040001600072080001500088245012000103260004800223300001400271650001700285650001500302650001900317700002200336IN-BaIIA211028s9999 xx 000 0 eng d a978-0-521-51492-7 cIIA Library a573.5bTAL 0aTalking about life: conversations on astrobiologycedited by Chris Impey  aCambridgebCambridge University Pressc2010 axi, 408p. aAstrobiology aExobiology aOrigin of life aImpey, Chris, ed.